000 00608nam a22002057a 4500
005 20250214182920.0
008 250214b |||||||| |||| 00| 0 eng d
020 _a9781138189522
050 _aBF39
_b.B73 BRA
100 _aBrace Nicola
245 _aSPSS for Psychologists and Everyone else/
_cNicola Brace, Richard Kemp & Rosemary Snelgar
250 _a6th Ed.
260 _aNew York
_bTaylor and Francis
_c2016
300 _axiii. 419p.
_bill. col.
_c21 cm
500 _aIncludes Index
650 _2Psychology
700 _aKemp Richard
700 _aSnelgar Rosemary
942 _2lcc
_cBK
_e6th Ed.
_n0
999 _c3883
_d3883